Systém podpory cestovného ruchu a analýza jeho uplatnenia v krajinách V4 bakalárska práca

Guardado en:
Detalles Bibliográficos
Autor principal: Tóthová, Viktória
Autor Corporativo: Obchodná fakulta EU. Katedra služieb a cestovného ruchu - zrušené
Otros Autores: Palko, František, 1972-
Formato: Libro
Lenguaje:eslovaco
Publicado: Bratislava 2021
Etiquetas: Agregar Etiqueta
Sin Etiquetas, Sea el primero en etiquetar este registro!

MARC

LEADER 00000nbm a2200000 4500
001 0276073
005 20220203121209.6
041 0 |a slo 
044 |a SK 
245 1 0 |a Systém podpory cestovného ruchu a analýza jeho uplatnenia v krajinách V4  |b bakalárska práca  |c Viktória Tóthová ; školiteľ: František Palko 
264 1 |a Bratislava  |c 2021 
300 |a 61 s. 
100 1 |a Tóthová, Viktória 
700 1 |a Palko, František, 1972- 
710 2 |a Obchodná fakulta EU. Katedra služieb a cestovného ruchu - zrušené